| 000 | 00569nam a22001817a 4500 | ||
|---|---|---|---|
| 005 | 20180829151310.0 | ||
| 010 | _aENG-123789 | ||
| 020 |
_a9789383316021 _c295.00 |
||
| 035 | _aEN-107321 | ||
| 037 | _bDBAD/PUB | ||
| 082 | _a302.230954 | ||
| 100 | _aDharmendra Singh | ||
| 245 |
_aCommunication : _cby Dharmendra Singh _bmeta strategies / |
||
| 260 |
_aNew Delhi _bGaurav Book Centre _c2017 |
||
| 270 |
_a4832/24, Prahlad Lane, S-207, Ansari Road, Daryaganj, _bNew Delhi _e110002 |
||
| 300 |
_a73p. _c22cm.(Hb) |
||
| 942 |
_2ddc _cEN _h302.230954 _mDHA |
||
| 999 |
_c156596 _d156596 |
||